000 00807nam a2200241 a 4500
008
020 _a0814719104 (pbk.)
049 _aMAIN
090 0 0 _aHE4491.N7
100 1 _aDerrick, Peter.
245 1 0 _aTunneling to the future :
_bthe story of the great subway expansion that saved New York /
_cPeter Derrick.
260 _aNew York :
_bNew York University Press,
_cc2001.
300 _axii, 442 p. ;
_c24 cm.
504 _aIncludes bibliographical references: p. 405-422.
500 _aIncludes index.
650 0 _aSubways
_zNew York (State)
_zNew York
_xHistory.
710 2 _aHistory of New York City Project.
907 _a.b10083558
_b13-08-03
_c22-07-03
003
005 20230123133347.0
040 _cNUST
942 _cBOOKS
_kHE4491.N7
999 _c147247
_d147247